Introduction to radar systems / (Record no. 189499)

000 -LEADER
fixed length control field 01036 a2200205 4500
003 - CONTROL NUMBER IDENTIFIER
control field Nust
005 - DATE AND TIME OF LATEST TRANSACTION
control field 20221223094249.0
010 ## - LIBRARY OF CONGRESS CONTROL NUMBER
LC control number 79015354
020 ## - INTERNATIONAL STANDARD BOOK NUMBER
International Standard Book Number 978-0-07-063441-1
040 ## - CATALOGING SOURCE
Transcribing agency Nust
082 00 - DEWEY DECIMAL CLASSIFICATION NUMBER
Classification number 621.3848,SKO
100 1# - MAIN ENTRY--PERSONAL NAME
Personal name Skolnik, Merrill Ivan,
9 (RLIN) 105727
245 10 - TITLE STATEMENT
Title Introduction to radar systems /
Statement of responsibility, etc. Merrill I. Skolnik.
250 ## - EDITION STATEMENT
Edition statement 2nd ed.
260 ## - PUBLICATION, DISTRIBUTION, ETC.
Place of publication, distribution, etc. New York :
Name of publisher, distributor, etc. McGraw-Hill,
Date of publication, distribution, etc. c1980.
300 ## - PHYSICAL DESCRIPTION
Extent x, 581 p. :
Other physical details ill. ;
Dimensions 24 cm.
505 ## - FORMATTED CONTENTS NOTE
Formatted contents note The Nature of Radar(Page-1), The Radar Equation (Page-15), CW and Frequency-Modulated Radar (Page-68), MTI and Pulse Doppler Radar (Page-101), Tracking Radar (Page-152), Radar Transmitters (Page-190), Radar Antennas (Page-223), The Electrically Streered Phased Array (Page-278), Receviers Display and Duplexers (Page-343), Delection of Radar Signal In Noise (Page-369), Extraction of Information and Waveform Design (Page-399), Propagation of radar waves (Page-441), Radar Clitter (Page-470), Other Radar Topics (Page-517).
650 #0 - SUBJECT ADDED ENTRY--TOPICAL TERM
Topical term or geographic name entry element Radar.
942 ## - ADDED ENTRY ELEMENTS (KOHA)
Source of classification or shelving scheme
Koha item type Book
Holdings
Withdrawn status Lost status Source of classification or shelving scheme Damaged status Not for loan Permanent Location Current Location Shelving location Date acquired Full call number Barcode Date last seen Price effective from Koha item type Public note
          Military College of Signals (MCS) Military College of Signals (MCS) General Stacks 12/12/2016 621.3848,SKO MCS35102 12/08/2016 12/12/2016 Book Almirah No.39, Shelf No.3
© 2023 Central Library, National University of Sciences and Technology. All Rights Reserved.